| 000 | 00839nam a2200253 i 4500 | ||
|---|---|---|---|
| 001 | bg | ||
| 245 | 0 | 0 |
_aSamorząd terytorialny w Polsce / _cJan Paweł Tarno [et al.] ; pod red. nauk. Jana Pawła Tarno. |
| 250 | _aWyd. 2. | ||
| 260 |
_aWarszawa : _bWydaw. Prawnicze "LexisNexis", _c2004. |
||
| 300 |
_a317 s. ; _c21 cm. |
||
| 504 | _aBibliogr. | ||
| 650 | 9 |
_aSamorząd terytorialny _zPolska _yod 1989 r. |
|
| 655 | _aPodręczniki akademickie | ||
| 700 | 1 |
_aTARNO, Jan Paweł. _eRed. |
|
| 015 | _aPB 18273/2004 | ||
| 020 | _a8373343539 | ||
| 040 | _cBPK | ||
| 041 | 0 | _apol | |
| 080 | _a352/353(438)"1989/..."(075.8) | ||
| 920 | _a83-7334-353-9 | ||
| 942 | _cKS | ||
| 008 | s pl f |000 0 pol | ||
| 999 |
_c46746 _d46746 |
||
| 856 |
_uhttp://koha.tu.koszalin.pl/cgi-bin/koha/opac-detail.pl?biblionumber=46746 _yKatalog online BPK |
||